000 00393nam a22001217a 4500
082 _a220 PRO
100 _aMUHAMMAD WAQAR MUHAMMAD HASSAAN ARSHAAD ZOHAIR AHMED BHATTI
_971137
245 _aPR-SOF-1726-VIRTUAL REALITY TRAINER FOR HAJJ
260 _aISLAMABAD
_bNUST COLLEGE OF EME
_c2018
650 _a DE-COMP-36 DECLASS
_971138
700 _aSUPERVISOR DR. Qaiser Chaudry
_970543
942 _cCR
999 _c577827
_d577827